Interstellar grains (Record no. 3122)

MARC details
000 -LEADER
fixed length control field 00919nam a2200229Ia 4500
003 - CONTROL NUMBER IDENTIFIER
control field IN-BaIIA
008 - FIXED-LENGTH DATA ELEMENTS--GENERAL INFORMATION
fixed length control field 211028s9999 xx 000 0 eng d
040 ## - CATALOGING SOURCE
Transcribing agency IIA Library
080 ## - UNIVERSAL DECIMAL CLASSIFICATION NUMBER
Universal Decimal Classification number 524.5
Item number NASA
111 ## - MAIN ENTRY--MEETING NAME
Meeting name or jurisdiction name as entry element Conference on interstellar grains
Location of meeting New york
Date of meeting or treaty signing 1965 Aug. 24-26,
9 (RLIN) 5544
245 #0 - TITLE STATEMENT
Title Interstellar grains
Remainder of title proceedings of a conference held at Rensselaer polytechnic Institute in Troy, NY on August 24-26, 1965
Statement of responsibility, etc. edited by Mayo J. Greenberg and Roark T. P.
260 ## - PUBLICATION, DISTRIBUTION, ETC.
Place of publication, distribution, etc. Washington
Name of publisher, distributor, etc. National Aeronautics and Space Administration
Date of publication, distribution, etc. 1967
300 ## - PHYSICAL DESCRIPTION
Extent 269p.
490 ## - SERIES STATEMENT
Series statement NASA SP; 140
650 ## - SUBJECT ADDED ENTRY--TOPICAL TERM
Topical term or geographic name entry element Astronomy and astrophysics thesaurus
650 ## - SUBJECT ADDED ENTRY--TOPICAL TERM
Topical term or geographic name entry element Interplanetary grains
9 (RLIN) 5545
650 ## - SUBJECT ADDED ENTRY--TOPICAL TERM
Topical term or geographic name entry element Interstellar matter
9 (RLIN) 1189
700 ## - ADDED ENTRY--PERSONAL NAME
Personal name Greenberg, J. Mayo, ed.
9 (RLIN) 5546
700 ## - ADDED ENTRY--PERSONAL NAME
Personal name Roark, T. P., ed.
9 (RLIN) 5547
710 ## - ADDED ENTRY--CORPORATE NAME
Corporate name or jurisdiction name as entry element National Aeronautics and Space 
9 (RLIN) 5548
942 ## - ADDED ENTRY ELEMENTS (KOHA)
Koha item type Books
Holdings
Withdrawn status Lost status Damaged status Not for loan Home library Current library Shelving location Date acquired Cost, normal purchase price Total Checkouts Full call number Barcode Date last seen Cost, replacement price Price effective from Koha item type Purchase Price
        IIA Library-Bangalore IIA Library-Bangalore General Stacks 23/11/1968 77.00   524.5/ NASA 3473 05/11/2021 77.00 23/11/1968 Books Rs. 77.00

Powered by Koha